000 01407cam a22003977a 4500
999 _c234367
_d234367
001 16604251
003 Nust
005 20170320100053.0
008 101216s2010 enk 000 0 eng
010 _a 2010467936
015 _aGBA737777
_2bnb
016 7 _a013746940
_2Uk
020 _a9781840221121 (pbk.)
035 _a(OCoLC)ocn132320201
040 _aUKM
_cUKM
_dYDXCP
_dBTCTA
_dBAKER
_dOCLCG
_dCDX
_dDLC
041 1 _aeng
_hfre
042 _alccopycat
050 0 0 _aPQ1888.E5
_bB37 2010
082 0 4 _a822.914
_bRAC
100 1 _aRacine, Jean,
_d1639-1699.
245 1 0 _aThree plays /
_cJean Racine.
246 1 4 _aRacine three plays
260 _aLondon :
_bOberon,
_c2010.
300 _a422 p. ;
_c21 cm.
505 0 _aIntroduction / Neil Bartlett -- Britannicus / translated by Robert David MacDonald -- Berenice / translated by Neil Bartlett -- Phedra / translated by Robert David MacDonald.
600 1 0 _aRacine, Jean,
_d1639-1699
_vTranslations into English.
700 1 _aBartlett, Neil,
_d1958-
700 1 _aMacDonald, Robert David.
740 0 2 _aBritannicus.
740 0 2 _aBerenice.
740 0 2 _aPhedra.
906 _a7
_bcbc
_ccopycat
_d2
_encip
_f20
_gy-gencatlg
942 _2ddc
_cBK